00708nam a22002057a 450000500170000001000140001702000110003103500130004203700130005508200080006810000210007624500680009726000300016527000730019530000220026850000400029094200220033099900170035295201330036920100809110353.0 aENG-98938 c100.00 aEN-82470 bDBAD/PUB a547 aAmbika, R.99047 aName reactions and reagents in organic synthesis /cby R.Ambika aChennaibThe Parkarc2008 a293, Ahamed Complex, 2nd Floor Royapettah High RoadbChennaie600014 a101p.c21cm (pbk) aIncludes bibliographical references 2ddccENh547mAMB c40250d40250 001040718NFICaDBADbDBADd2010-08-09eDBAD/PUBg100.00l0o547 AMBpEN-82470r2010-08-09 00:00:00t1v100.00w2010-08-09yEN